The effects of field study experience on environmental knowledge and attitudes among university students /
محفوظ في:
| المؤلف الرئيسي: | |
|---|---|
| التنسيق: | أطروحة كتاب |
| اللغة: | English |
| منشور في: |
1981.
|
| الموضوعات: | |
| الوسوم: |
إضافة وسم
لا توجد وسوم, كن أول من يضع وسما على هذه التسجيلة!
|
| LEADER | 01257cam a2200325 a 4500 | ||
|---|---|---|---|
| 001 | u119113 | ||
| 003 | SIRSI | ||
| 008 | 911108s1981 my t 00 1 eng m | ||
| 035 | |a AAN-0823 | ||
| 040 | |a UMM | ||
| 043 | |a a-my--- | ||
| 090 | |a GF28 |b M2Chi | ||
| 091 | |a Microfiche 9054 | ||
| 100 | 1 | 0 | |a Chiang, Siew Hong. |
| 245 | 1 | 4 | |a The effects of field study experience on environmental knowledge and attitudes among university students / |c Chiang Siew Hong. |
| 260 | |c 1981. | ||
| 300 | |a xiv, 195 leaves : |b ill. ; |c 29 cm. | ||
| 500 | |a Microfiche (negative). 6 fiche. 11 x 15 cm. | ||
| 502 | |a Dissertation (M.Ed.) -- Fakulti Pendidikan, Universiti Malaya, 1981. | ||
| 504 | |a Bibliography: leaves 157-167. | ||
| 650 | 0 | |a Human ecology |x Study and teaching |z Malaysia. | |
| 650 | 0 | |a Field work (Educational method). | |
| 650 | 0 | |a Students |z Malaysia |x Attitudes. | |
| 650 | 0 | |a Environmental education |z Malaysia. | |
| 650 | 0 | |a Teaching |x Aids and devices. | |
| 710 | 2 | 0 | |a Universiti Malaya. |b Fakulti Pendidikan. |
| 948 | |a 06/01/1992 |b 24/07/2002 | ||
| 596 | |a 1 8 | ||
| 999 | |a GF28 M2CHI |w LC |c 1 |i A002914707 |d 20/3/2015 |e 20/3/2015 |l STACKS |m P01UTAMA |n 13 |r Y |s Y |t TESIS |u 10/1/1992 | ||
| 999 | |a GF28 M2CHI |w LC |c 1 |i A506711928 |l STACKS |m P08PENDIDI |r Y |s Y |t TESIS |u 22/6/2002 | ||
